Sports Quiz

Random Sports Quiz

Sports Franchises By Previous Names Quiz Stats

Quiz not verified by Sporcle

Also try: NFL's Worst (2017)
Challenge
Share
Tweet
Embed
Score 0/24 Timer 08:00
0 Plays Today
% Correct
Washington Nationals
95%
Oklahoma City Thunder
95%
Tennessee Titans
93.8%
Washington Wizards
90%
Houston Astros
87.5%
Dallas Stars
87.5%
Winnipeg Jets
86.3%
Arizona Cardinals
82.5%
Milwaukee Brewers
76.3%
Sacramento Kings
75%
Boston Red Sox
75%
Los Angeles Dodgers
71.3%
% Correct
Colorado Avalanche
71.3%
Phoenix Coyotes
70%
Carolina Hurricanes
68.8%
San Antonio Spurs
67.5%
New Jersey Devils
66.3%
Philadelphia 76ers
63.8%
Chicago Bears
61.3%
New York Yankees
58.8%
Los Angeles Clippers
58.8%
Detroit Lions
57.5%
Atlanta Braves
55%
Baltimore Orioles
47.5%

You're not logged in!

Compare scores with friends on all Sporcle quizzes.
Join for Free
OR
Log In

You Might Also Like...

Show Comments

Extras

Top Quizzes Today


Score Distribution

Your Account Isn't Verified!

In order to create a playlist on Sporcle, you need to verify the email address you used during registration. Go to your Sporcle Settings to finish the process.

Report this User

Report this user for behavior that violates our Community Guidelines.

Details: